|
|
|
|
| LEADER |
00640cam a2200193 7i4500 |
| 001 |
0000027409 |
| 005 |
20111220090000.0 |
| 020 |
0 |
0 |
|a 1890206644
|
| 090 |
0 |
0 |
|a B 709.540904
|b SIN
|
| 100 |
1 |
0 |
|a Sinha
|
| 245 |
1 |
0 |
|a Call of the real :
|b contemporary Indian artists from Bengal.
|
| 260 |
0 |
0 |
|a Kolkato:
|b Gallery Sanskriti,
|c 2003.
|
| 300 |
# |
# |
|a 179 p.
|
| 650 |
0 |
0 |
|a Art, Indic --
|z Bengal, India
|
| 650 |
0 |
0 |
|a Artists --
|z Bengal, India
|
| 651 |
0 |
0 |
|a India
|
| 999 |
|
|
|a 000029547
|b Book
|c Countries
|e Business Information Centre
|
| 999 |
|
|
|a 000029544
|b Book
|c Book
|e Business Information Centre
|
| 999 |
|
|
|a 0000029544
|b Book
|c Book
|e Business Information Centre
|